000 00653cam a22002053a 4500
001 38913
003 PGUSA
005 20140828083847.0
008 120217s2012||||xxu|||||s|||||000 | eng d
040 _aPGUSA
_beng
042 _adc
100 1 _aMaguire, Thomas
245 1 0 _aManuel des difficultés de la langue française adapé au jeune âge et suivi d'un Recueil de locutions vicieuses
_h[electronic resource] /
_cThomas Maguire
260 _bProject Gutenberg,
_c2012
506 _aPublic domain in the USA.
516 _aElectronic text
830 0 _aProject Gutenberg
_v38913
856 4 0 _uhttp://www.gutenberg.org/ebooks/38913
942 _cEB
999 _c268166
_d268166